[Event "NAYCC U10"]
[Site "Kingston CAN"]
[Date "2019.08.18"]
[Round "5.24"]
[White "Guo, Edward"]
[Black "Vemparala, Nikash"]
[Result "1/2-1/2"]
[WhiteElo "1666"]
[BlackElo "1485"]
[PlyCount "100"]
[EventDate "2019.08.16"]
[EventType "swiss"]
[EventRounds "9"]
[EventCountry "CAN"]

1. d4 d5 2. Nf3 Nf6 3. Bf4 e6 4. e3 Nbd7 5. Bd3 Be7 6. h3 c5 7. c3 b6 8. O-O
O-O 9. Nbd2 Bb7 10. Ne5 Nxe5 11. Bxe5 Nd7 12. Bh2 Bf6 13. f4 g6 14. g4 Bg7 15.
Qf3 f5 16. g5 Re8 17. Qg2 Qc7 18. Be2 Qc8 19. h4 Ba6 20. Rf3 Bxe2 21. Qxe2 cxd4
22. exd4 a6 23. Re3 Nf8 24. Nf3 Qc4 25. Qg2 b5 26. Ne5 Bxe5 27. Rxe5 Nd7 28.
Re3 Nb6 29. b3 Qc6 30. Rae1 Re7 31. Qe2 Rae8 32. h5 Nc8 33. Rh3 Nd6 34. Qf2 Ne4
35. Qh4 Rg7 36. Ree3 a5 37. Bg3 Nxc3 38. Be1 Ne4 39. Re2 b4 40. Reh2 Kf7 41.
hxg6+ hxg6 42. Re3 Reg8 43. Ree2 Qb6 44. Bf2 Nc3 45. Rc2 Qb5 46. Be1 Rc8 47.
Qg3 Ne4 48. Rxc8 Nxg3 49. Rc7+ Kg8 50. Rc8+ Kf7 1/2-1/2

[Event "NAYCC U10"]
[Site "Kingston CAN"]
[Date "2019.08.18"]
[Round "5.25"]
[White "Ran, Sean"]
[Black "Tang, Benjamin"]
[Result "1/2-1/2"]
[WhiteElo "1264"]
[BlackElo "1679"]
[PlyCount "44"]
[EventDate "2019.08.16"]
[EventType "swiss"]
[EventRounds "9"]
[EventCountry "CAN"]

1. e4 e5 2. f4 d5 3. exd5 exf4 4. Nf3 Nf6 5. c4 Bd6 6. d4 c5 7. Qe2+ Kf8 8. Bd2
cxd4 9. Nxd4 g6 10. Qd3 Kg7 11. Be2 Nfd7 12. Nf3 Nc5 13. Bc3+ f6 14. Qd4 Re8
15. b4 Re4 16. Qd1 Na4 17. Qxa4 Qe7 18. Qc2 Bf5 19. Qd3 Re3 20. Qd2 Bd3 21. Ng1
Qe4 22. Kf2 Bxb1 1/2-1/2

[Event "NAYCC U10"]
[Site "Kingston CAN"]
[Date "2019.08.18"]
[Round "5.26"]
[White "Liu, Eric"]
[Black "Yang, Larry"]
[Result "1/2-1/2"]
[WhiteElo "1401"]
[BlackElo "1378"]
[PlyCount "117"]
[EventDate "2019.08.16"]
[EventType "swiss"]
[EventRounds "9"]
[EventCountry "CAN"]

1. e4 e5 2. Nf3 Nc6 3. Bc4 Bc5 4. c3 Nf6 5. d4 exd4 6. cxd4 Bb4+ 7. Nc3 Nxe4 8.
O-O Bxc3 9. bxc3 O-O 10. Qc2 d5 11. Bd3 Nf6 12. Bg5 h6 13. Bh4 Qd6 14. Bg3 Qd7
15. Rfe1 Nh5 16. Be5 Nxe5 17. Nxe5 Qd6 18. c4 Nf4 19. Bf1 dxc4 20. Bxc4 Be6 21.
Rad1 Bxc4 22. Qxc4 Qd5 23. Qxd5 Nxd5 24. Rb1 Nb6 25. f4 Rfd8 26. Nf3 Rd7 27.
Kf2 f6 28. g4 Kf7 29. f5 Re8 30. h4 Rxe1 31. Rxe1 Nd5 32. g5 fxg5 33. Ne5+ Ke7
34. Nxd7+ Kxd7 35. hxg5 hxg5 36. Rg1 Ke7 37. Rxg5 Kf6 38. Rg6+ Kxf5 39. Rxg7
Ke4 40. Rg4+ Kd3 41. Kf3 a5 42. Kf2 a4 43. Ke1 b5 44. Rh4 b4 45. Kd1 Nc3+ 46.
Kc1 Nxa2+ 47. Kb2 Nc3 48. Rh7 a3+ 49. Kb3 Nd5 50. Rh4 Ke3 51. Rg4 Nf4 52. Kxb4
a2 53. Rg1 Kxd4 54. Kb3 Ne2 55. Rg4+ Kd5 56. Kxa2 Nd4 57. Rg7 c5 58. Rg5+ Kc4
59. Rxc5+ 1/2-1/2

[Event "NAYCC U10"]
[Site "Kingston CAN"]
[Date "2019.08.18"]
[Round "5.27"]
[White "Reyes, Isaac"]
[Black "Meister, Xan"]
[Result "0-1"]
[WhiteElo "1451"]
[BlackElo "1353"]
[PlyCount "80"]
[EventDate "2019.08.16"]
[EventType "swiss"]
[EventRounds "9"]
[EventCountry "CAN"]

1. e4 e6 2. d4 d5 3. e5 c5 4. c3 Nc6 5. Nf3 Qb6 6. a3 c4 7. Qc2 Na5 8. Be3 Bd7
9. Nbd2 Ne7 10. Be2 Nc8 11. O-O Qc7 12. Ne1 Nb6 13. Qd1 Ba4 14. Nc2 Be7 15. f4
O-O-O 16. g3 Rdf8 17. f5 exf5 18. Rxf5 g6 19. Rf1 h5 20. Rc1 Qd8 21. Bf4 f6 22.
Qe1 f5 23. Nb4 Rfg8 24. Bf3 g5 25. Be3 f4 26. Bf2 g4 27. Bg2 f3 28. Bh1 h4 29.
Qe3 Bg5 30. Qe1 Qf8 31. Rb1 Qh6 32. Nxf3 gxf3 33. Bxf3 Bd2 34. Qe2 Kb8 35. Nxd5
hxg3 36. Bxg3 Nxd5 37. Bxd5 Be3+ 38. Rf2 Qxh2+ 39. Kf1 Qxg3 40. Rg2 Rh1+ 0-1

[Event "NAYCC U10"]
[Site "Kingston CAN"]
[Date "2019.08.18"]
[Round "5.28"]
[White "Williamson, Mobius"]
[Black "Chinni, Rishabh"]
[Result "1/2-1/2"]
[WhiteElo "1420"]
[BlackElo "1324"]
[PlyCount "122"]
[EventDate "2019.08.16"]
[EventType "swiss"]
[EventRounds "9"]
[EventCountry "CAN"]

1. c4 e6 2. Nc3 d5 3. cxd5 exd5 4. d4 Be7 5. Bf4 Nf6 6. e3 c6 7. Nf3 O-O 8. Be2
Nbd7 9. O-O Re8 10. h3 Nf8 11. Ne5 Bd6 12. Bh2 Bxe5 13. Bxe5 Ng6 14. Bg3 Bf5
15. Bh5 Nxh5 16. Qxh5 Qf6 17. Ne2 Bd3 18. Rfe1 Qf5 19. Qxf5 Bxf5 20. Nf4 Nxf4
21. Bxf4 f6 22. Kf1 Bd3+ 23. Kg1 b6 24. Rec1 Rac8 25. b4 Bc4 26. a3 c5 27. bxc5
bxc5 28. dxc5 Rxc5 29. Rab1 Re6 30. Rb8+ Kf7 31. Rb7+ Re7 32. Rcb1 Ba6 33. Bd6
Rxb7 34. Rxb7+ Bxb7 35. Bxc5 a6 36. Kf1 Ke6 37. g3 Ke5 38. Bd4+ Kd6 39. Ke2 Kc6
40. a4 Bc8 41. h4 h5 42. Kd3 Bf5+ 43. Kc3 a5 44. Kd2 Be4 45. Kc3 Bf3 46. Kd2
Bg4 47. Kc2 Be2 48. Kb2 Bd1 49. Ka3 Bc2 50. Bc3 Kb6 51. Bd4+ Ka6 52. Bc5 g5 53.
Be7 gxh4 54. gxh4 f5 55. Bc5 Be4 56. Bd4 Bc2 57. Bc5 Bd1 58. Bd6 Bf3 59. Bc5
Be4 60. Bd4 Bg2 61. Bc5 Bh3 1/2-1/2

[Event "NAYCC U10"]
[Site "Kingston CAN"]
[Date "2019.08.18"]
[Round "5.29"]
[White "Yang, Andersen"]
[Black "Velasquez, Noah"]
[Result "1-0"]
[WhiteElo "1400"]
[BlackElo "1039"]
[PlyCount "77"]
[EventDate "2019.08.16"]
[EventType "swiss"]
[EventRounds "9"]
[EventCountry "CAN"]

1. e4 c5 2. Nf3 Nc6 3. c3 d6 4. Be2 g6 5. O-O Bg7 6. d4 cxd4 7. cxd4 Nf6 8. Be3
Bd7 9. Nc3 O-O 10. d5 Ne5 11. Nxe5 dxe5 12. f4 exf4 13. Bxf4 Qb6+ 14. Kh1 Qxb2
15. Be5 Nxe4 16. Bxg7 Nxc3 17. Bxc3 Qxc3 18. Rf3 Qg7 19. Qf1 Bg4 20. Re3 Bxe2
21. Rxe2 Rfe8 22. Rae1 Qf8 23. Qf3 Rad8 24. h3 Rd6 25. Qa3 a6 26. Qxd6 exd6 27.
Rxe8 Kg7 28. Rxf8 Kxf8 29. Kh2 f5 30. Re6 Kf7 31. Kg3 h6 32. Kf4 a5 33. Rxd6
Ke7 34. Rxg6 b5 35. Ra6 a4 36. Rb6 b4 37. Rxb4 Kd6 38. Rxa4 Kxd5 39. Rb4 1-0

[Event "NAYCC U10"]
[Site "Kingston CAN"]
[Date "2019.08.18"]
[Round "5.30"]
[White "Xu, Alex"]
[Black "Darvekar, Yash"]
[Result "1-0"]
[WhiteElo "1763"]
[BlackElo "1505"]
[PlyCount "61"]
[EventDate "2019.08.16"]
[EventType "swiss"]
[EventRounds "9"]
[EventCountry "CAN"]

1. e4 c5 2. Nf3 g6 3. d4 cxd4 4. Nxd4 Nc6 5. Nc3 Bg7 6. Be3 Nf6 7. Be2 O-O 8.
O-O d6 9. Qd2 Ng4 10. Nxc6 bxc6 11. Bd4 Bh6 12. Qd1 c5 13. Bxg4 cxd4 14. Nd5
Ba6 15. Be2 Bxe2 16. Qxe2 Bg7 17. Nb4 a5 18. Nd3 e5 19. Rad1 Rc8 20. f4 Qc7 21.
Rd2 exf4 22. Nxf4 Rfe8 23. Qf3 Qa7 24. Kh1 Bh6 25. Rdf2 Rf8 26. Nd5 f5 27. Qh3
Be3 28. Rf3 f4 29. Nxf4 Bxf4 30. Rxf4 Rxf4 31. Qxc8+ 1-0

[Event "NAYCC U10"]
[Site "Kingston CAN"]
[Date "2019.08.18"]
[Round "5.31"]
[White "Qian, Eric"]
[Black "Soni, Arjun"]
[Result "0-1"]
[WhiteElo "1152"]
[BlackElo "1665"]
[PlyCount "44"]
[EventDate "2019.08.16"]
[EventType "swiss"]
[EventRounds "9"]
[EventCountry "CAN"]

1. e4 e5 2. Nf3 Nc6 3. Bb5 a6 4. Ba4 Nf6 5. O-O Be7 6. Re1 b5 7. Bb3 O-O 8. c3
d5 9. exd5 Nxd5 10. Nxe5 Nxe5 11. Rxe5 c6 12. d4 Bd6 13. Re4 Bf5 14. Re2 Qh4
15. g3 Qh3 16. Re1 Bg4 17. Qd3 Rae8 18. Rxe8 Rxe8 19. Be3 Nf4 20. gxf4 Bf3 21.
Qf1 Qg4+ 22. Qg2 Qxg2# 0-1

[Event "NAYCC U10"]
[Site "Kingston CAN"]
[Date "2019.08.18"]
[Round "5.32"]
[White "Chen, Vincent"]
[Black "Ho, Jasper"]
[Result "0-1"]
[WhiteElo "1368"]
[BlackElo "1730"]
[PlyCount "79"]
[EventDate "2019.08.16"]
[EventType "swiss"]
[EventRounds "9"]
[EventCountry "CAN"]

1. e4 e5 2. Nf3 Nc6 3. d4 exd4 4. Nxd4 Nf6 5. Nxc6 bxc6 6. e5 Qe7 7. Qe2 Nd5 8.
c4 Ba6 9. b3 g6 10. f4 Bg7 11. Ba3 Nxf4 12. Bxe7 Nxe2 13. Bf6 Bxf6 14. exf6 Nd4
15. Bd3 O-O-O 16. O-O d5 17. Nc3 Rhe8 18. Rad1 dxc4 19. Bxc4 Bxc4 20. bxc4 Ne2+
21. Nxe2 Rxd1 22. Rxd1 Rxe2 23. a3 Re6 24. Rf1 c5 25. Rf4 Kd7 26. g4 Re5 27. h4
h6 28. Kf2 Ke6 29. Kf3 g5 30. hxg5 hxg5 31. Re4 c6 32. Rxe5+ Kxe5 33. Ke3 Kxf6
34. Ke4 Ke6 35. a4 a5 36. Kd3 f5 37. gxf5+ Kxf5 38. Ke3 g4 39. Kf2 Kf4 40. Kg2
0-1

[Event "NAYCC U10"]
[Site "Kingston CAN"]
[Date "2019.08.18"]
[Round "5.33"]
[White "Zhang, Arthur"]
[Black "Zhang, Daniel"]
[Result "0-1"]
[WhiteElo "1703"]
[BlackElo "1267"]
[PlyCount "126"]
[EventDate "2019.08.16"]
[EventType "swiss"]
[EventRounds "9"]
[EventCountry "CAN"]

1. e4 e6 2. d4 d5 3. e5 c5 4. c3 Nc6 5. Nf3 Qb6 6. a3 Bd7 7. Be2 cxd4 8. cxd4
Nge7 9. b4 Nf5 10. Bb2 Be7 11. O-O f6 12. Re1 fxe5 13. dxe5 O-O 14. b5 Bc5 15.
Rf1 Nce7 16. a4 Nh4 17. Nbd2 a5 18. Qb3 Neg6 19. Rae1 Nf4 20. Nxh4 Bxf2+ 21.
Kh1 Bxe1 22. Rxe1 Qf2 23. Ndf3 Nxe2 24. Qd1 Ng3+ 25. hxg3 Qxb2 26. Qd3 h6 27.
Ng6 Rf7 28. Rb1 Qa2 29. Rc1 Qxa4 30. b6 Qe4 31. Qxe4 dxe4 32. Nd4 Rc8 33. Rc7
Rxc7 34. bxc7 Bc8 35. Nb5 e3 36. Nf4 Rxf4 37. Nd6 e2 38. Nxc8 e1=Q+ 39. Kh2 Rf7
40. Ne7+ Rxe7 41. c8=Q+ Kf7 42. Qc5 Qb4 43. Qf2+ Kg8 44. Qc2 a4 45. Qc8+ Kf7
46. Qc2 a3 47. Qf2+ Kg8 48. Qa7 Qb2 49. Qc5 Re8 50. Qd6 a2 51. Qd7 a1=Q 52.
Qxe8+ Kh7 53. Qxe6 Qbb1 54. g4 Qh1+ 55. Kg3 Qae1+ 56. Kf3 Qef1+ 57. Ke3 Qhg1+
58. Ke4 Qgxg2+ 59. Kd4 Qd1+ 60. Ke3 Qge2+ 61. Kf4 Qdf1+ 62. Kg3 Qeg2+ 63. Kh4
Qfh1# 0-1

[Event "NAYCC U10"]
[Site "Kingston CAN"]
[Date "2019.08.18"]
[Round "5.34"]
[White "Zhang, Brian"]
[Black "Jin, Harold"]
[Result "1-0"]
[WhiteElo "1526"]
[BlackElo "1188"]
[PlyCount "59"]
[EventDate "2019.08.16"]
[EventType "swiss"]
[EventRounds "9"]
[EventCountry "CAN"]

1. e4 c5 2. Nf3 d6 3. d4 cxd4 4. Nxd4 Nf6 5. Nc3 a6 6. Bg5 e6 7. f4 Be7 8. Qf3
e5 9. Nb3 exf4 10. Bxf4 Be6 11. Be2 Nc6 12. O-O-O Bxb3 13. axb3 Qa5 14. Nb1 Nb4
15. Na3 Rc8 16. Bd2 Qc5 17. Kb1 a5 18. Rc1 d5 19. Bb5+ Kf8 20. e5 Ne4 21. Be3
Qc7 22. Rhf1 f6 23. exf6 Bxf6 24. Qf5 Nd6 25. Qe6 Nxb5 26. Nxb5 Qc6 27. Nd6 Rc7
28. Rxf6+ gxf6 29. Bh6+ Rg7 30. Qf7# 1-0

[Event "NAYCC U10"]
[Site "Kingston CAN"]
[Date "2019.08.18"]
[Round "5.35"]
[White "Wang, Andy Zixin"]
[Black "Zhang, Kevin"]
[Result "0-1"]
[WhiteElo "1482"]
[BlackElo "1185"]
[PlyCount "110"]
[EventDate "2019.08.16"]
[EventType "swiss"]
[EventRounds "9"]
[EventCountry "CAN"]

1. e4 c5 2. Nf3 d6 3. d4 cxd4 4. Nxd4 Nf6 5. Nc3 g6 6. Be3 Bg7 7. Bc4 O-O 8. f3
Nc6 9. Qd2 Bd7 10. O-O-O a6 11. Nxc6 Bxc6 12. Bh6 b5 13. Bb3 b4 14. Na4 Qa5 15.
Bxg7 Kxg7 16. c3 Bxa4 17. cxb4 Qc7+ 18. Qc2 Bxb3 19. Qxc7 Rac8 20. Qxc8 Rxc8+
21. Kb1 Bxd1 22. Rxd1 Nd7 23. Rc1 Rxc1+ 24. Kxc1 Kf6 25. a4 Kg5 26. g3 f5 27.
exf5 Kxf5 28. Kd2 Ke5 29. Kd3 Kd5 30. b3 Ne5+ 31. Ke3 Nc6 32. b5 axb5 33. axb5
Nb8 34. b4 Kc4 35. Kf4 Kxb5 36. Ke4 Kxb4 37. Kd5 Kc3 38. f4 Kd3 39. g4 Ke3 40.
f5 gxf5 41. gxf5 Kf4 42. Ke6 Nc6 43. h3 Nd4+ 44. Kxe7 Nxf5+ 45. Ke6 h5 46. h4
Nxh4 47. Kxd6 Ng6 48. Kd5 h4 49. Kd4 h3 50. Kd3 h2 51. Ke2 h1=Q 52. Kf2 Qf3+
53. Kg1 Qe2 54. Kh1 Kg3 55. Kg1 Qg2# 0-1

[Event "NAYCC U10"]
[Site "Kingston CAN"]
[Date "2019.08.18"]
[Round "5.36"]
[White "Kvirikadze, Becka"]
[Black "Kurup, Siddharth"]
[Result "1-0"]
[WhiteElo "1340"]
[BlackElo "1434"]
[PlyCount "95"]
[EventDate "2019.08.16"]
[EventType "swiss"]
[EventRounds "9"]
[EventCountry "CAN"]

1. e4 e6 2. d4 b6 3. Nc3 Bb7 4. Nf3 Bb4 5. Bd3 Nf6 6. e5 Nd5 7. Bd2 Nxc3 8.
bxc3 Be7 9. O-O d6 10. Re1 Nd7 11. exd6 cxd6 12. Bf4 O-O 13. Nd2 Qc7 14. c4 Bf6
15. c3 b5 16. Qh5 g6 17. Qxb5 Rab8 18. Qb4 Be7 19. Qa3 Qc6 20. d5 Qb6 21. Rab1
Qc7 22. dxe6 fxe6 23. Bg3 e5 24. Qxa7 Bg5 25. Nf3 Bh6 26. Be4 Nc5 27. Bd5+ Kh8
28. Re2 Rfd8 29. Bh4 Rd7 30. Ng5 Bxg5 31. Bxg5 h5 32. Be3 Ra8 33. Qb6 Qxb6 34.
Rxb6 Bxd5 35. cxd5 Na4 36. Rc6 Rb7 37. g3 Nb2 38. Rxd6 Rxa2 39. Rb6 Rxb6 40.
Bxb6 Ra1+ 41. Kg2 Nd3 42. Bc7 Rc1 43. d6 Nc5 44. Rxe5 Nd7 45. Re7 Nc5 46. Bb6
Rd1 47. Bxc5 Kg8 48. d7 1-0

[Event "NAYCC U10"]
[Site "Kingston CAN"]
[Date "2019.08.18"]
[Round "5.37"]
[White "Jiang, Barron Jiyu"]
[Black "Wang, Leo"]
[Result "1-0"]
[WhiteElo "1421"]
[BlackElo "1040"]
[PlyCount "61"]
[EventDate "2019.08.16"]
[EventType "swiss"]
[EventRounds "9"]
[EventCountry "CAN"]

1. e4 e6 2. d4 d5 3. e5 c5 4. c3 Nc6 5. Nf3 Qb6 6. a3 a5 7. Bd3 Nh6 8. O-O Be7
9. Bc2 Bd7 10. h3 O-O 11. Bxh6 g6 12. Bxf8 Rxf8 13. Qc1 Re8 14. Nbd2 c4 15. Re1
Bf8 16. Nf1 Bg7 17. Ne3 h5 18. g4 Ne7 19. gxh5 gxh5 20. Kh1 Nf5 21. Bxf5 exf5
22. Rg1 Kf8 23. Nxd5 Qc6 24. Qg5 Qg6 25. Qxg6 fxg6 26. Rxg6 Bc6 27. Rd6 Kf7 28.
Ng5+ Kg8 29. Kh2 Bxd5 30. Rxd5 Bh6 31. Rg1 1-0

[Event "NAYCC U10"]
[Site "Kingston CAN"]
[Date "2019.08.18"]
[Round "5.38"]
[White "Yao, Henry"]
[Black "Liu, Henry"]
[Result "1-0"]
[WhiteElo "1405"]
[BlackElo "797"]
[PlyCount "91"]
[EventDate "2019.08.16"]
[EventType "swiss"]
[EventRounds "9"]
[EventCountry "CAN"]

1. e4 c5 2. Nf3 d6 3. d4 cxd4 4. Nxd4 e5 5. Nf3 Bg4 6. Be2 g6 7. Nc3 Bg7 8. Be3
Nf6 9. Qd2 O-O 10. O-O Nc6 11. h3 Be6 12. Bh6 Re8 13. Bxg7 Kxg7 14. Rad1 Qd7
15. Qxd6 Qxd6 16. Rxd6 Rad8 17. Rdd1 b6 18. Bb5 Rxd1 19. Rxd1 Bd7 20. Rd6 Nb8
21. Bc4 Be6 22. Bxe6 Rxe6 23. Rxe6 fxe6 24. Nxe5 h5 25. f3 Na6 26. Nd3 Nc7 27.
Kf2 Kh6 28. a4 a6 29. Ne5 b5 30. axb5 axb5 31. Ne2 b4 32. Nc6 Na6 33. Ned4 g5
34. Nxe6 g4 35. e5 Nd5 36. f4 gxh3 37. gxh3 Kg6 38. Kf3 Nb6 39. b3 Nd5 40. Ke4
Nc3+ 41. Kf3 Nd1 42. Ncd4 Nb8 43. f5+ Kf7 44. Ng5+ Kg7 45. f6+ Kf8 46. Nde6+
1-0

[Event "NAYCC U10"]
[Site "Kingston CAN"]
[Date "2019.08.18"]
[Round "5.39"]
[White "Liang, Leon"]
[Black "Liu, Lucas"]
[Result "0-1"]
[WhiteElo "1198"]
[BlackElo "1401"]
[PlyCount "70"]
[EventDate "2019.08.16"]
[EventType "swiss"]
[EventRounds "9"]
[EventCountry "CAN"]

1. e4 c5 2. Nf3 Nc6 3. d4 cxd4 4. Nxd4 Nf6 5. Nc3 e5 6. Nf3 Bb4 7. Bd2 Bxc3 8.
Bxc3 Nxe4 9. Bxe5 Nxe5 10. Qe2 Qa5+ 11. Kd1 Qd5+ 12. Kc1 f5 13. Nxe5 Qxe5 14.
g3 Qe6 15. Bh3 Ng5 16. Qh5+ Qg6 17. Re1+ Kf7 18. Qxg6+ hxg6 19. Bg2 Rxh2 20.
Bd5+ Ne6 21. f3 Rb8 22. f4 b6 23. b3 Bb7 24. Bc4 Rbh8 25. Kb2 Be4 26. Rac1 Rd2
27. Re2 Rxe2 28. Bxe2 Rh2 29. Bc4 Rg2 30. Bb5 Bc6 31. Bd3 Rxg3 32. Rf1 Rf3 33.
Bb5 Rxf1 34. Bxf1 Nxf4 35. Bc4+ Ne6 0-1

[Event "NAYCC U10"]
[Site "Kingston CAN"]
[Date "2019.08.18"]
[Round "5.40"]
[White "Garcia, Maximiliano"]
[Black "Luan, Jacky"]
[Result "0-1"]
[WhiteElo "1391"]
[BlackElo "594"]
[PlyCount "68"]
[EventDate "2019.08.16"]
[EventType "swiss"]
[EventRounds "9"]
[EventCountry "CAN"]

1. d4 d5 2. Bf4 Nf6 3. e3 Bf5 4. Nf3 Nc6 5. Nbd2 e6 6. Be2 Bb4 7. c3 Bd6 8. Bg3
Ne4 9. Nxe4 Bxe4 10. Bd3 Bxd3 11. Qxd3 O-O 12. Qc2 Bxg3 13. hxg3 g6 14. e4 dxe4
15. Qxe4 Re8 16. Qh4 Qxh4 17. Rxh4 e5 18. Kd2 Rad8 19. Kc2 exd4 20. cxd4 Re2+
21. Kd3 Rxf2 22. Rg1 Rxb2 23. g4 Rxa2 24. g5 b5 25. Kc3 a5 26. Kb3 Re2 27. Rgh1
a4+ 28. Ka3 Re3+ 29. Kb2 b4 30. Rxh7 a3+ 31. Kb1 Kf8 32. Ka2 Re2+ 33. Kb1 a2+
34. Ka1 Na5 0-1

[Event "NAYCC U10"]
[Site "Kingston CAN"]
[Date "2019.08.18"]
[Round "5.41"]
[White "Shi, Michael"]
[Black "Chen, Ricky"]
[Result "1-0"]
[WhiteElo "1795"]
[BlackElo "954"]
[PlyCount "97"]
[EventDate "2019.08.16"]
[EventType "swiss"]
[EventRounds "9"]
[EventCountry "CAN"]

1. e4 e5 2. Nf3 Nc6 3. Bc4 Bc5 4. c3 Nf6 5. d3 O-O 6. O-O d6 7. b4 Bb6 8. Qb3
h6 9. Nbd2 a5 10. b5 a4 11. Qc2 Na5 12. Qxa4 Bg4 13. Qd1 d5 14. exd5 Nxc4 15.
Nxc4 Nxd5 16. Bb2 Ba5 17. Rc1 Re8 18. h3 Bh5 19. Re1 f6 20. Nxa5 Rxa5 21. c4
Nf4 22. Re3 Rxa2 23. Qb3 Rxb2 24. Qxb2 Nxd3 25. Rxd3 Qxd3 26. Rc3 Qd1+ 27. Kh2
Bxf3 28. Rxf3 Qd6 29. Re3 Rd8 30. Rg3 Qd2 31. Qa3 Qd6 32. c5 Qd5 33. c6 bxc6
34. Qe7 Qd7 35. Rxg7+ Kh8 36. Qxd7 Rxd7 37. Rxd7 cxb5 38. Rxc7 f5 39. Rc5 Kg7
40. Rxb5 Kf6 41. g4 f4 42. Rb6+ Kg5 43. f3 h5 44. gxh5 Kxh5 45. Rb5 Kh4 46. Kg2
Kg5 47. Rxe5+ Kh4 48. Kf2 Kxh3 49. Rh5# 1-0

[Event "NAYCC U10"]
[Site "Kingston CAN"]
[Date "2019.08.18"]
[Round "5.42"]
[White "Mane, Arnav"]
[Black "Huang, Winston"]
[Result "1/2-1/2"]
[WhiteElo "1168"]
[BlackElo "1220"]
[PlyCount "67"]
[EventDate "2019.08.16"]
[EventType "swiss"]
[EventRounds "9"]
[EventCountry "CAN"]

1. e4 e5 2. Nf3 Nc6 3. Bc4 Bc5 4. c3 Nf6 5. d4 exd4 6. cxd4 Bb4+ 7. Bd2 Bxd2+
8. Nbxd2 d5 9. exd5 Nxd5 10. O-O O-O 11. Ne5 Nxd4 12. Nb3 Nxb3 13. Qxb3 c6 14.
Rfd1 Qc7 15. Bxd5 cxd5 16. Qxd5 Be6 17. Qe4 Rad8 18. Rdc1 Qb6 19. b3 Rfe8 20.
Nc4 Qa6 21. Qf4 Rd7 22. Rd1 Rde7 23. Nd6 Rd8 24. Nf5 Rxd1+ 25. Rxd1 Re8 26. Nd6
Rd8 27. Rd2 Bxb3 28. Nxb7 Re8 29. Rd8 Rxd8 30. Nxd8 h6 31. Qb8 Qxa2 32. Ne6+
Kh7 33. Nf8+ Kg8 34. Ne6+ 1/2-1/2

[Event "NAYCC U10"]
[Site "Kingston CAN"]
[Date "2019.08.18"]
[Round "5.43"]
[White "Cacciatore, Luc"]
[Black "Zuo, Roger"]
[Result "0-1"]
[WhiteElo "1298"]
[BlackElo "1034"]
[PlyCount "112"]
[EventDate "2019.08.16"]
[EventType "swiss"]
[EventRounds "9"]
[EventCountry "CAN"]

1. d4 d5 2. Bf4 Nc6 3. e3 Bf5 4. Bd3 Bg6 5. Nf3 Nf6 6. h3 e6 7. Nbd2 Bd6 8. Bh2
a6 9. a3 Ne7 10. O-O Nf5 11. Re1 O-O 12. c3 Nxd4 13. Bxg6 Nxf3+ 14. Qxf3 Bxh2+
15. Kxh2 fxg6 16. Qd1 Qd6+ 17. Kg1 Rf7 18. e4 Nd7 19. Qb3 Nc5 20. Qc2 Qb6 21.
exd5 exd5 22. Nf3 Nb3 23. Rad1 c6 24. Ne5 Rf5 25. Nd7 Qc7 26. Qxb3 Qxd7 27. c4
Qf7 28. cxd5 Rc8 29. f3 Rxd5 30. Rxd5 cxd5 31. Rd1 Rd8 32. Kf2 Qd7 33. Rd4 b5
34. Ke3 Qe6+ 35. Kf2 Qb6 36. Ke3 Qc5 37. Qb4 Qc1+ 38. Qd2 Qg1+ 39. Qf2 Re8+ 40.
Re4 Qxf2+ 41. Kxf2 dxe4 42. fxe4 Rxe4 43. Kf3 Re1 44. Kf2 Rb1 45. Kg3 Rxb2 46.
Kh2 Ra2 47. a4 Rxa4 48. Kg3 b4 49. Kh2 b3 50. Kh1 b2 51. Kg1 b1=Q+ 52. Kh2 Ra3
53. h4 Qc2 54. Kh1 Qf2 55. Kh2 Qg3+ 56. Kg1 Ra1# 0-1

[Event "NAYCC U10"]
[Site "Kingston CAN"]
[Date "2019.07.18"]
[Round "5.44"]
[White "Georgescu-Nicolau, Luca"]
[Black "Qiu, Max"]
[Result "1-0"]
[WhiteElo "1337"]
[BlackElo "888"]
[PlyCount "71"]
[EventDate "2019.08.16"]
[EventType "swiss"]
[EventRounds "9"]
[EventCountry "CAN"]

1. d4 a6 2. c4 b5 3. Nc3 bxc4 4. e4 Bb7 5. Bxc4 d6 6. Qb3 Qc8 7. Bxf7+ Kd8 8.
Bxg8 Nd7 9. Be6 Qb8 10. Bxd7 Kxd7 11. Nf3 Qc8 12. Ng5 Kd8 13. Nf7+ Ke8 14. Nxh8
Rb8 15. Qf7+ Kd7 16. Qf5+ e6 17. Qf3 c5 18. d5 Qe8 19. Qf7+ Qxf7 20. Nxf7 h6
21. e5 Re8 22. O-O exd5 23. exd6 Bxd6 24. Nxd6 Kxd6 25. Bf4+ Kc6 26. Rfe1 Rd8
27. Re6+ Kd7 28. Rd6+ Kc7 29. Rxd5+ Kc8 30. Rxc5+ Kd7 31. Rd1+ Ke6 32. Rxd8 g5
33. Rd6+ Ke7 34. Rc7+ Ke8 35. Rxh6 Kf8 36. Rh8# 1-0

[Event "NAYCC U10"]
[Site "Kingston CAN"]
[Date "2019.08.18"]
[Round "5.45"]
[White "Huang, Ryan"]
[Black "White, Max"]
[Result "0-1"]
[WhiteElo "773"]
[BlackElo "1063"]
[PlyCount "52"]
[EventDate "2019.08.16"]
[EventType "swiss"]
[EventRounds "9"]
[EventCountry "CAN"]

1. e4 e5 2. Nf3 Nc6 3. Nc3 Nf6 4. Bb5 Bb4 5. d3 Bxc3+ 6. bxc3 d6 7. O-O O-O 8.
Bg5 Bg4 9. Qd2 Bxf3 10. gxf3 a6 11. Ba4 b5 12. Bb3 h6 13. Bh4 Nxe4 14. Bxd8
Nxd2 15. Rfd1 Nxb3 16. axb3 Raxd8 17. Rxa6 Nb8 18. Ra7 Rfe8 19. Re1 Nc6 20. Rb7
Ne7 21. f4 Ng6 22. fxe5 Re7 23. Rxb5 Nh4 24. Kh1 dxe5 25. Re4 Ng6 26. c4 c6 0-1

[Event "NAYCC U10"]
[Site "Kingston CAN"]
[Date "2019.08.18"]
[Round "5.46"]
[White "Odrcich, Eric"]
[Black "Murali, Dhruv"]
[Result "0-1"]
[WhiteElo "564"]
[BlackElo "972"]
[PlyCount "66"]
[EventDate "2019.08.16"]
[EventType "swiss"]
[EventRounds "9"]
[EventCountry "CAN"]

1. e4 e5 2. Nf3 Nc6 3. Nc3 Nf6 4. Be2 Bc5 5. O-O d6 6. d3 Bg4 7. Bg5 h6 8. Bxf6
Qxf6 9. a3 Bxf3 10. Bxf3 Nd4 11. Nd5 Nxf3+ 12. Qxf3 Qd8 13. Qg3 O-O 14. b4 Bd4
15. Rae1 c6 16. Ne3 Bxe3 17. Rxe3 Re8 18. Qg4 Re6 19. Rg3 Rg6 20. Qh3 Rxg3 21.
Qxg3 Qg5 22. Qh3 Rd8 23. Re1 Qd2 24. Qe3 Qxc2 25. Qxa7 Qc3 26. Qe3 Qxa3 27. Qb6
Qa8 28. Qc7 Qc8 29. Qxc8 Rxc8 30. Rb1 b5 31. Ra1 c5 32. Rb1 cxb4 33. Rxb4 Rc1#
0-1

[Event "NAYCC U10"]
[Site "Kingston CAN"]
[Date "2019.08.18"]
[Round "5.47"]
[White "Beechener, Alexander"]
[Black "Luo, Albert"]
[Result "0-1"]
[WhiteElo "497"]
[BlackElo "960"]
[PlyCount "36"]
[EventDate "2019.08.16"]
[EventType "swiss"]
[EventRounds "9"]
[EventCountry "CAN"]

1. e4 e5 2. f3 Bc5 3. f4 exf4 4. e5 Qh4+ 5. g3 fxg3 6. Nf3 g2+ 7. Ke2 Qf2+ 8.
Kd3 gxh1=Q 9. Bg2 Qxd1 10. Nc3 b6 11. Nxd1 Ba6+ 12. Ke4 Qe2+ 13. Ne3 Bb7+ 14.
Kf5 g6+ 15. Kf4 Bxe3+ 16. Kg4 Qxg2+ 17. Kh4 Bxf3 18. b4 g5# 0-1

[Event "NAYCC U10"]
[Site "Kingston CAN"]
[Date "2019.08.18"]
[Round "5.48"]
[White "Su, Leo"]
[Black "Villegas, Howard"]
[Result "0-1"]
[WhiteElo "915"]
[BlackElo "724"]
[PlyCount "54"]
[EventDate "2019.08.16"]
[EventType "swiss"]
[EventRounds "9"]
[EventCountry "CAN"]

1. e4 e5 2. Nf3 Nc6 3. Bc4 Bc5 4. O-O h6 5. Nc3 d6 6. h3 a6 7. d3 Nd4 8. Be3
Nxf3+ 9. Qxf3 Nf6 10. Bxc5 dxc5 11. Nd5 Bd7 12. Nxf6+ Qxf6 13. Qg3 O-O-O 14. f4
exf4 15. Rxf4 Qxb2 16. Qe1 Qd4+ 17. Kf1 Be6 18. c3 Qe5 19. Bxe6+ fxe6 20. Rc1
Qxf4+ 21. Kg1 Rxd3 22. Qf1 Qe3+ 23. Kh1 Rxc3 24. Rd1 Qxe4 25. Qf7 Rxh3+ 26. Kg1
Qe3+ 27. Kf1 Rh1# 0-1

[Event "NAYCC U10"]
[Site "Kingston CAN"]
[Date "2019.08.18"]
[Round "5.49"]
[White "Huang, Ivan"]
[Black "Komolafe, Joshua"]
[Result "1-0"]
[WhiteElo "1138"]
[BlackElo "1050"]
[PlyCount "79"]
[EventDate "2019.08.16"]
[EventType "swiss"]
[EventRounds "9"]
[EventCountry "CAN"]

1. e4 c5 2. Nf3 Nc6 3. d4 b6 4. d5 Nb4 5. a3 Na6 6. c4 d6 7. b4 cxb4 8. axb4
Nxb4 9. Qa4+ Bd7 10. Qxb4 e5 11. Be3 Be7 12. Nbd2 Nf6 13. Bd3 O-O 14. O-O a5
15. Qxb6 Qxb6 16. Bxb6 Bg4 17. Bxa5 Rxa5 18. Rxa5 Bd8 19. Ra6 Nh5 20. Rxd6 Be7
21. Ra6 Nf4 22. Bc2 Nh3+ 23. gxh3 Bxh3 24. Nxe5 Bxf1 25. Kxf1 h6 26. c5 Bxc5
27. Ndc4 f6 28. Nd7 Rc8 29. Rc6 Rb8 30. Nxc5 Ra8 31. d6 Ra1+ 32. Ke2 Ra2 33.
Kd2 Ra8 34. e5 fxe5 35. Nxe5 g6 36. Ne6 Ra2 37. d7 Rxc2+ 38. Kxc2 g5 39. d8=Q+
Kh7 40. Rc7# 1-0